000
00289nam a22001337a 4500
008
170522b xxu||||| |||| 00| 0 eng d
020
_a
3700311184
041
_a
eng
080
_a
94(4)
100
_a
16
101
_a
SHH
245
_a
THE SOUND OF AUSTRIA
_c
BUNZL , J
942
_2
udc
_c
BK
999
_c
13749
_d
13749